00276 a2200109 4500001000700000020000600007040001100013100003600024240005100060245004600111362000900157181728 a  cMagnum aCosta, Dirce Maura Lucchetti da10aBrincando com passado/futuro/presente - 1lpor10aBrincando com passado/futuro/presente - 10 a1899